The Influence of Economic Activity on Income in the Regions of the Slovak Republic

Príjem domácnosti je jednou z dôležitých zložiek pre kvalitu života jednotlivcov v domácnosti, pričom jednotlivci prostredníctvom neho uspokojujú svoje potreby. Tento príspevok si kladie za cieľ posúdiť vplyv vybraného faktora, a to ekonomickej aktivity na ekvivalentný disponibilný príjem domácnosti...

Descrizione completa

Salvato in:
Dettagli Bibliografici
Autore principale: Vojtková, Mária, 1966-
Natura: Capitolo di libro
Lingua:inglese
Soggetti:
Tags: Aggiungi Tag
Nessun Tag, puoi essere il primo ad aggiungerne!!

MARC

LEADER 00000naa$a2200000$$$4500
001 0300331
005 20240516075315.2
041 0 |a eng 
044 |a RS 
245 1 0 |a The Influence of Economic Activity on Income in the Regions of the Slovak Republic  |c Mária Vojtková 
520 |a Príjem domácnosti je jednou z dôležitých zložiek pre kvalitu života jednotlivcov v domácnosti, pričom jednotlivci prostredníctvom neho uspokojujú svoje potreby. Tento príspevok si kladie za cieľ posúdiť vplyv vybraného faktora, a to ekonomickej aktivity na ekvivalentný disponibilný príjem domácnosti v krajoch Slovenskej republiky v členení podľa NUTS3 pomocou jednofaktorovej analýzy rozptylu. Z dôvodu nesplnenia podmienok pre použitie parametrickej rozptylovej analýzy bude použitá jej modifikácia pomocou Welchovej rozptylovej analýzy. Východiskovým zdrojom údajov sú údaje z výberového zisťovania EU SILC o príjmoch a životných podmienkach domácností na Slovensku za rok 2021, pričom samotná analýza je realizovaná pomocou štatistického nástroja SAS Enterprise Guide 7.1. 
610 2 0 |a príjmy domácností 
610 2 0 |a aktivita hospodárska 
610 2 0 |a regióny 
610 2 0 |a podmienky životné 
610 2 0 |a chudoba 
100 1 |a Vojtková, Mária, 1966-